000 00357nam a22001457a 4500
020 _qPB.
040 _cFizza Ishaq
082 _a320.1
_bLAW
100 _akrader, lawrence.
_9133426
245 _aFormation of the State /
_clawrence krader.
250 _a1st Ed.
260 _aNew York :
_bPrentice-Hall,
_c1968.
300 _a119 P. ;
942 _2ddc
_cBK
999 _c616376
_d616376